K-Pop Artists A-Z - Statistics

General Stats
  • This quiz has been taken 5,185 times
  • The average score is 15 of 26
Answer Stats
Letter Song Artist % Correct
P Gangnam Style Psy
95%
B Fantastic Baby Big Bang
93%
G Gee Girl's Generation
90%
T Like OOH-AHH Twice
90%
E Call Me Baby EXO
89%
R Ice Cream Cake Red Velvet
88%
F Electric Shock F(x)
81%
H Bubble Pop! Hyuna
77%
A Like a Cat Ace of Angels
73%
S Mr. Simple Super Junior
73%
V Chained Up VIXX
68%
C The Baddest Female CL
67%
O Catallena Orange Caramel
60%
W Nobody Wonder Girls
60%
D Congratulations Day6
55%
I Twenty-Three IU
49%
K Step Kara
47%
L Ah-Choo Lovelyz
45%
N Face NU'EST
44%
M Only You Miss A
32%
Y I Got a Boy (part of group) Yoona
32%
U Believe U-KISS
31%
X Call You Bae (featured artist) Xiumin
23%
Z Eat Zion T.
15%
Q Sugar Free (part of group) Qri
13%
J Fly Jessica
9%
No matching quizzes found
Score Distribution
Percent of People with Each Score
Percentile by Number Answered
Your Score History
You have not taken this quiz